000 00468nam a2200181Ia 4500
001 10448
005 20260306161833.0
008 260306t1992||||xx |||||||||||||| ||spa||
041 _aESP
082 _a929.7
_bC243
100 _aCierva, Ricardo de la
_eAUT
245 0 _aYo, Felipe II:
_bLas confesiones del Rey al doctor Francisco Terrones
260 _c1992
300 _a212 páginas :
_c21 cm.
650 _aGEN
654 _aCHU
942 _cLIB
_dJUS
_fJUS
_2ddc
_n
999 _c10448
_d10448